000 00466nam a2200205Ia 4500
003 OSt
005 20221005123045.0
006 a|||||r|||| 00| 0
007 ta
008 221004b |||||||| |||| 00| 0 eng d
024 _a116489
037 _cTextual
040 _aCRL
_cCRL
_beng
041 _2eng
_aeng
245 0 _aKim il sung , selected works II
260 _c1971
650 _aGENERAL
_9592526
942 _cTEXL
_2cc
999 _c1046248
_d1046248